CLINICAL ANATOMY (Record no. 32251)

MARC details
000 -LEADER
fixed length control field 00348nam a22001697a 4500
003 - CONTROL NUMBER IDENTIFIER
control field SGT
020 ## - INTERNATIONAL STANDARD BOOK NUMBER
International Standard Book Number 9789356961630
082 ## - DEWEY DECIMAL CLASSIFICATION NUMBER
Classification number 611
Item number C24K
100 ## - MAIN ENTRY--PERSONAL NAME
Personal name KUMAR, AJAY
245 ## - TITLE STATEMENT
Title CLINICAL ANATOMY
250 ## - EDITION STATEMENT
Edition statement 1ST
260 ## - PUBLICATION, DISTRIBUTION, ETC. (IMPRINT)
Place of publication, distribution, etc NEW DELHI
Name of publisher, distributor, etc C24K
Year of Publication 2024
300 ## - PAGE DESCRIPTION
No. of Pages 231
650 ## - SUBJECT ADDED ENTRY--TOPICAL TERM
Topical term or geographic name as entry element ANATOMY
653 ## - KEYWORDS--INDEX TERM
Keyword term CLINICAL, ANATOMY
942 ## - ADDED ENTRY ELEMENTS (KOHA)
Source of classification or shelving scheme Dewey Decimal Classification
Koha item type Books
Holdings
Withdrawn status Lost status Source of classification or shelving scheme Damaged status Not for loan Collection code Home library Current library Shelving location Date acquired SGTU Total Checkouts Full call number Accession No. (Barcode) Date last seen Bill Date Koha item type
    Dewey Decimal Classification     AYURVEDA SGT FA-FP Library SGT FA-FP Library On Display 19/08/2025 SGTU   611 C24K FA12758G 19/08/2025 19/08/2025 Books